书目信息 |
| 题名: |
电脑·健康
|
|
| 作者: | 刘海涛 主编 | |
| 分册: | ||
| 出版信息: | 北京 人民卫生出版社 2006 |
|
| 页数: | 149页 | |
| 开本: | 21cm | |
| 丛书名: | 时尚生活与健康系列 | |
| 单 册: | ||
| 中图分类: | R135 | |
| 科图分类: | ||
| 主题词: | 电子计算机--职业病--预防(卫生)--基本知识 , 职业病 , 预防(卫生) , 电子计算机 | |
| 电子资源: | ||
| ISBN: | 7-117-07292-X | |
| 000 | 01048oam2 2200289 450 | |
| 001 | 010010013986 | |
| 005 | 20061029100828.03 | |
| 010 | @a7-117-07292-X@dCNY13.00 | |
| 100 | @a20060213d2006 em y0chiy0110 ea | |
| 101 | 0 | @achi |
| 102 | @aCN@b110000 | |
| 105 | @aa z 000yy | |
| 200 | 1 | @a电脑·健康@9dian nao· jian kang@f刘海涛主编@g刘海涛[等]编 |
| 210 | @a北京@c人民卫生出版社@d2006 | |
| 215 | @a149页@c图@d21cm | |
| 225 | 2 | @a时尚生活与健康系列 |
| 330 | @a本书详细介绍了过度使用电脑给身体(如眼睛,颈椎,手腕等)造成的直接危害,沉迷于虚拟网络游戏或网络社会对人们心理造成的不良影响,并针对上述问题从改变不良习惯、积极的心理治疗、加强体育锻炼等不同方面进行阐述,给出预防与治疗方法。 | |
| 461 | 0 | @12001 @a时尚生活与健康系列@1701 0@a张七一@4总主编 |
| 510 | 1 | @aComputer·Health@zeng |
| 606 | 0 | @a电子计算机@x职业病@x预防(卫生)@x基本知识 |
| 606 | 0 | @a职业病 |
| 606 | 0 | @a预防(卫生) |
| 606 | 0 | @a电子计算机 |
| 690 | @aR135@v4 | |
| 701 | 0 | @a刘海涛@9liu hai tao@4主编 |
| 801 | 0 | @aCN@bRENTIAN@c20061029 |
| 905 | @a10447@dR135@e45 | |
| 电脑·健康/刘海涛主编/刘海涛[等]编.-北京:人民卫生出版社,2006 |
| 149页:图;21cm.-(时尚生活与健康系列) |
| ISBN 7-117-07292-X:CNY13.00 |
| 本书详细介绍了过度使用电脑给身体(如眼睛,颈椎,手腕等)造成的直接危害,沉迷于虚拟网络游戏或网络社会对人们心理造成的不良影响,并针对上述问题从改变不良习惯、积极的心理治疗、加强体育锻炼等不同方面进行阐述,给出预防与治疗方法。 |
| ● |
| 相关链接 |
|
|
|
|
正题名:电脑·健康
索取号:R135/45
 
预约/预借
| 序号 | 登录号 | 条形码 | 馆藏地/架位号 | 状态 | 备注 |
| 1 | 0388063 | 203880639 | 第二样本阅览室/ [索取号:R135/45] | 在馆 | |
| 2 | 0388064 | 203880648 | 第三借阅区/ [索取号:R135/45] | 在馆 | |
| 3 | 0388065 | 203880657 | 教育系资料室/ [索取号:R135/45] | 在馆 | |
| 4 | 0388066 | 203880666 | 教育系资料室/ [索取号:R135/45] | 在馆 | |
| 5 | 0388067 | 203880675 | 第三借阅区/ [索取号:R135/45] | 在馆 |